00242nam a2200109Ia 4500008004100000100001300041245002300054260002100077650001000098942000700108999001700115190216s9999||||xx |||||||||||||| ||und|| aShyamlal 0aHindi-Amargadhayem bSanyik Prakashan aHindi cBK c15254d15254